000 00396nam a2200169Ia 4500
008 130318s9999 xx 000 0 und d
020 _a471547956
082 _a629.13 KAY/A
100 _aKayton, Myron
245 _aAvionics navigation systems
250 _a2
260 _bWiley
_aNew York
_c1997
300 _a773
650 _aAVIONICS
650 _aNAVIGATION
700 _aFried, Walter R
999 _c1412
_d1412